| 000 | 00709cam a2200157ua 4500 | ||
|---|---|---|---|
| 041 |
_aeng _h |
||
| 082 |
_a666.97 _bIND/CO |
||
| 110 | 1 |
_aIndian standards Institution . _b _c() |
|
| 245 | 0 | 0 |
_aCode of practice For use of immersion vibrators For consolidating Concrete / _cIndian standards Institution. _hTextual Documents |
| 250 |
_a1 / _b. |
||
| 260 |
_aNew Delhi : _bIndian Standards Institution , _c1983. |
||
| 300 | _a17 ; . | ||
| 504 | _a | ||
| 942 | _cBK | ||
| 999 |
_c3045 _d3045 |
||